Influence of density and development stage of ryegrass on glyphosate effectiveness (Registro n. 9399)
[ somente texto ]
| 000 -LÍDER | |
|---|---|
| fixed length control field | 04317nab a2200277 i 4500 |
| 003 - CÓDIGO MARC DA AGÊNCIA CATALOGADORA | |
| Campo de controle | BR-BrBNA |
| 005 - DATA E HORA DA ÚLTIMA ATUALIZAÇÃO | |
| Campo de controle | 20230913115306.0 |
| 008 - CAMPO DE TAMANHO FIXO | |
| fixed length control field | 230619b2019 bl.ar|pooa||| 00| 0 eng | |
| 040 ## - FONTE DA CATALOGAÇÃO | |
| Agência catalogadora | BR-BrBNA |
| Idioma da catalogação | eng |
| 072 ## - CATEGORIA AGRIS | |
| Código AGRIS | H60 |
| 100 ## - ENTRADA PRINCIPAL - NOME PESSOAL | |
| Nome pessoal | Fipke, M.V. |
| 100 ## - ENTRADA PRINCIPAL - NOME PESSOAL | |
| Nome pessoal | Vidal, R.A. |
| 245 ## - TÍTULO PRINCIPAL | |
| Título principal | Influence of density and development stage of ryegrass on glyphosate effectiveness |
| 500 ## - NOTA GERAL | |
| Nota geral | Publicação on-line; 26 ref.; 2 tables; 4 illus.; Summaries (En, Pt) |
| 942 ## - ADDED ENTRY ELEMENTS (KOHA) | |
| Koha item type | |
| 520 ## - NOTA DE RESUMO | |
| Nota de conteúdo | <br/><br/>ABSTRACT - Glyphosate is one of the main herbicides used to control ryegrass.<br/>The objective of this research was to evaluated whether the glyphosate dose-response<br/>curve is affected by density of ryegrass plants in two phenological growth stages.<br/>To attend this objective, two experiments were carried out in greenhouse (one with<br/>Lolium multiflorum and another with Lolium rigidum) and two under field conditions.<br/>In the greenhouse experiments, the experimental design was a completely randomized<br/>design in a factorial scheme, with factor A as plant density and factor B as glyphosate<br/>doses. In the field, two experiments were carried out in a randomized block design in<br/>a split-plot scheme. Plots consisted of glyphosate doses (0, 40, 80, 120, 160, 250, and<br/>350 g ha-1), and the subplots consisted of three ryegrass densities (8 plants m-2,<br/>140 plants m-2 with thinning before herbicide application, and 140 plants m-2 with<br/>thinning after herbicide application). In one experiment, glyphosate was sprayed at<br/>28 days after emergence (DAE), whereas in another the application was carried out at<br/>51 DAE. High-density ryegrass plants required a higher herbicide dose to obtain the<br/>same level of control of low-density plants. In addition to the density effect, an<br/>increased glyphosate dose was necessary for the late application to obtain the same<br/>level of control when compared to the initial application. Herbicide effectiveness<br/>was affected by population density and plant development stage.<br/><br/>Keywords: Lolium multiflorum L., Lolium rigidum, time of application, tolerance. |
| 520 ## - NOTA DE RESUMO | |
| Nota de conteúdo | <br/><br/>RESUMO - Glyphosate é um dos principais herbicidas utilizados controle de azevém.<br/>O objetivo desta pesquisa foi avaliar como a curva de resposta à dose de glyphosate<br/>é afetada por densidade populacional de azevém e estádio de desenvolvimento<br/>das plantas. Para atender este objetivo foram realizados dois experimentos em<br/>casa de vegetação (um com Lolium multiflorum e outro com Lolium rigidum) e<br/>dois experimentos em campo. Nos experimentos em casa de vegetação, o<br/>delineamento experimental foi inteiramente casualizado em esquema fatoral; o<br/>fator A foi a densidade de plantas, e o fator B, doses de glyphosate. Em campo,<br/>foram realizados dois experimentos em blocos casualizados, em esquema de parcelas<br/>subdivididas. As parcelas foram constituídas de doses de glyphosate (0, 40, 80,<br/>120, 160, 250 e 350 g ha-1), e as subparcelas, por três densidades de azevém<br/>(8 plantas m-<br/>²; 140 plantas m-<br/>² com desbaste antes da aplicação; e 140 plantas m-2<br/>com desbaste depois da aplicação do herbicida). Em um experimento a aplicação<br/>de glyphosate foi realizada aos 28 dias após a emergência (DAE), e em outro, aos<br/>51 DAE. As plantas de azevém em alta densidade necessitaram de uma dose maior<br/>do herbicida para se obter o mesmo nível de controle que as plantas sob baixa<br/>densidade. Além do efeito da densidade, na aplicação tardia houve necessidade<br/>de maior dose de glyphosate para se obter o mesmo nível de controle, em<br/>comparação à aplicação em estádio inicial. A eficácia de herbicida foi afetada pela densidade<br/>populacional e pelo estádio de desenvolvimento das plantas.<br/><br/>Palavras-chave: Lolium multiflorum L., Lolium rigidum, época de aplicação, tolerância. |
| 650 ## - ASSUNTO - THESAGRO | |
| Cabeçalho tópico ou nome geográfico | ERVA DANINHA |
| 650 ## - ASSUNTO - THESAGRO | |
| Cabeçalho tópico ou nome geográfico | HERBICIDA |
| 650 ## - ASSUNTO - THESAGRO | |
| Cabeçalho tópico ou nome geográfico | LOLIUM MULTIFLORUM |
| 650 ## - ASSUNTO - THESAGRO | |
| Cabeçalho tópico ou nome geográfico | AZEVÉM |
| 650 ## - ASSUNTO - THESAGRO | |
| Cabeçalho tópico ou nome geográfico | ÉPOCA DE APLICAÇÃO |
| 773 0# - ENTRADA ANALÍTICA | |
| Host Biblionumber | 886 |
| Registro do item | 1816 |
| Imprenta | Londrina-PR : Sociedade Brasileira da Ciência das Plantas Daninhas, 1978 |
| Outro identificador | 2023-031023 |
| Título | Planta Daninha (Brazil) |
| ISSN | 0100-8358; 1806-9681 (on-line) |
| Colação | v. 37 p. 1-9; (2019) |
| Número de controle de registro | BR2023000424 |
| 856 ## - ACESSO E ENDEREÇO ELETRÔNICO | |
| Identificador uniforme de recurso - URI | https://www.scielo.br/j/pd/a/LnkwZCPnQJg8mBmmk4yLtvF/?format=pdf&lang=en |
Nenhum exemplar disponível.

BINAGRI